Cifrovaja obrabotka mnogomernych signalov /

Saved in:
Bibliographic Details
Main Authors: Dudgeon, Dan E (Author), Mersereau, Russell M (Author)
Format: Book
Published: Moskva : Mir, 1988
Tags: Add Tag
No Tags, Be the first to tag this record!

MARC

LEADER 00000nam a22000003a 4500
001 stu48012
005 20150617225708.5
008 ------s1988----xxr---------------------d
040 |a STU  |b slo 
041 0
044 |a xxr 
080 |a 519.6 
080 |a 621.3.01  |7 stu_us_auth*stu8259 
100 1 |a Dudgeon, Dan E  |4 aut 
245 1 |a Cifrovaja obrabotka mnogomernych signalov /  |c [aut.] Dudgeon,Dan E.; Mersereau,Russell M 
260 |a Moskva :  |b Mir,  |c 1988 
300 |a 488 s 
700 1 |a Mersereau, Russell M  |4 aut 
996 |b J81864  |c J*81864/K 1  |l JJK1  |s P  |a 0  |w stu48012_0001